000 01343njm a22003137a 4500
005 20100903163611.0
006 a|||||r|||||00| 0
007 sd ammalaaahaa
008 100901t xxu||||| |||| 00| 0 eng d
028 _aN.52086
_bHis Master 's Voice
035 _aGR-475
040 _aSED
_cSED
100 _aMangeshker,Lata
_917816
245 _aBasant Bhar/
_cby Lata Mangesker,Asha Bhoshle
_h[Sound Recording]:
246 _aबसंत बहार (लता मंगेशकर) (आशा भोसले)
260 _aDum Dum, India:
_bHis Master 's Voice
300 _a1 sound Disc [GramaphoneRecording] :
_banalog, 33 1/3 rpm ;
_c9.5 in (MP)
_fGramaphone Records
500 _aBrief Record
505 _aमें पिया तेरी (बसंत बहार )(लता मंगेशकर )श्रिदे२ कर गया रे ( बसंत बहार ) Me piya teri (Basent Bhar)(Lata Mangeshker)Side2Kar gaya re( Basent Bhar)
650 _aMotion Picture Music
_xExcerpts
_zIndia
_917817
700 _a Bhosle ,Asha
_918029
700 _aSanker
_918146
700 _ajaikishen
_918147
700 _aShailenda
_918148
700 _aHashrat jaipuri
_918150
700 _918080
942 _2ddc
_cGR
999 _c43676
_d43676